How many colours can you name? - Statistics

General Stats
  • This quiz has been taken 6,433 times
    6,362 since last reset
  • The average score is 19 of 42
Answer Stats
Hint Answer % Correct
G Green
98%
R Red
98%
Y Yellow
97%
B Blue
96%
P Purple
94%
B Black
93%
O Orange
93%
P Pink
92%
W White
91%
B Brown
80%
G Grey
79%
V Violet
76%
G Gold
64%
I Indigo
63%
S Silver
63%
T Turquoise
50%
M Magenta
47%
L Lime
44%
A Aqua
40%
B Beige
40%
C Cyan
39%
L Lilac
36%
B Bronze
34%
B Bronze
34%
N Navy
33%
A Amber
30%
C Cream
28%
M Mauve
25%
P Peach
23%
C Crimson
22%
E Emerald
21%
O Olive
20%
C Copper
17%
C Coral
13%
K Khaki
13%
F Fuchsia
11%
U Ultramarine
10%
A Auburn
9%
A Amethyst
7%
T Topaz
6%
E Ebony
5%
S Saffron
3%
No matching quizzes found
Score Distribution
Percent of People with Each Score
Percentile by Number Answered
Your Score History
You have not taken this quiz since the last reset